| 000 | 00637nmm a2200193Ia 4500 | ||
|---|---|---|---|
| 008 | 251105s9999||||xx |||||||||||||||||und|| | ||
| 020 | _a9788437091457 | ||
| 041 | _aeng | ||
| 100 | _aPennock-Speck, Barry | ||
| 245 | 4 | _aThe Multimodal Analysis of Television Commercials | |
| 264 |
_a[Madrid, España] : _bPublicaciones de la Universidad de Valencia (PUV), _c2013 |
||
| 300 | _a218 páginas | ||
| 490 | _aEnglish in the world | ||
| 650 | _aMedia Studies (Journ., TV, etc) | ||
| 700 | _aPennock-Speck, Barry | ||
| 700 | 1 | _a del Saz Rubio, María Milagros | |
| 856 | _uhttps://public.digitaliapublishing.com/a/34805 | ||
| 942 | _cCF | ||
| 999 |
_c69883 _d69883 |
||